[Event "Women's Speed Chess Q5"]
[Site "chess.com INT"]
[Date "2021.06.04"]
[Round "5"]
[White "Varshini, V"]
[Black "Perez Rodriguez, Jennifer"]
[Result "0-1"]
[WhiteTitle "WGM"]
[BlackTitle "WIM"]
[WhiteElo "2226"]
[BlackElo "2251"]
[WhiteFideId "5091241"]
[BlackFideId "3507831"]
[EventDate "2021.06.04"]

1. e4 e5 2. Nf3 Nc6 3. Bc4 Nf6 4. d3 Bc5 5. O-O d6 6. h3 a6 7. Nc3 h6 8. Be3 O-O
9. a3 Ba7 10. d4 Re8 11. dxe5 dxe5 12. Qxd8 Rxd8 13. Bxa7 Rxa7 14. Rad1 Re8 15.
Rfe1 b5 16. Ba2 Be6 17. Bd5 Bd7 18. Rd2 Re7 19. Bxc6 Bxc6 20. Nd5 Bxd5 21. exd5
e4 22. Nd4 Ra8 23. Nc6 Rd7 24. b3 Re8 25. c4 bxc4 26. bxc4 Rd6 27. Rb2 Nd7 28.
Rbe2 Nc5 29. f3 f5 30. fxe4 fxe4 31. Rf1 Rg6 32. Rf4 Rg3 33. a4 Rc3 34. Rg4 Rxc4
35. a5 Rc1+ 36. Kh2 Rd1 37. Nb4 Rd4 38. Rc2 Rxb4 39. Rxc5 Re7 40. Rc6 e3 41.
Rxb4 e2 42. Rb1 e1=Q 43. Rxe1 Rxe1 44. Rxc7 Rd1 45. Rd7 Ra1 46. Rd6 Rxa5 47.
Rd8+ Kf7 48. d6 Rd5 49. d7 a5 50. Ra8 a4 51. Rxa4 Rxd7 52. Re4 Re7 53. Rf4+ Kg6
54. Rf3 Rf7 55. Rg3+ Kh7 56. Rf3 Rf6 57. Rf5 Rxf5 58. g4 Rb5 59. Kg3 Rb4 60. Kf3
Kg6 61. Kg3 Rb3+ 0-1

[Event "Women's Speed Chess Q5"]
[Site "chess.com INT"]
[Date "2021.06.04"]
[Round "5"]
[White "Doluhanova, Evgeniya"]
[Black "Mkrtchian, Lilit"]
[Result "0-1"]
[WhiteTitle "WGM"]
[BlackTitle "IM"]
[WhiteElo "2192"]
[BlackElo "2388"]
[WhiteFideId "14112035"]
[BlackFideId "13300601"]
[EventDate "2021.06.04"]

1. e4 e6 2. d4 d5 3. Bd3 dxe4 4. Bxe4 Nf6 5. Bf3 c5 6. Ne2 Nc6 7. Be3 cxd4 8.
Nxd4 Ne5 9. Nc3 Bb4 10. Nb5 Nxf3+ 11. Qxf3 O-O 12. O-O a6 13. a3 Be7 14. Rfd1
Bd7 15. Nd4 Qc7 16. h3 Bd6 17. Bg5 Be5 18. Nce2 h6 19. Bh4 Rfd8 20. Rac1 Be8 21.
c3 Rd7 22. Bg3 Bxg3 23. Nxg3 Rad8 24. Nh5 Nxh5 25. Qxh5 Qf4 26. Re1 Rd5 27. Qf3
Qxf3 28. Nxf3 R8d6 29. c4 Rd3 30. c5 Rd8 31. Re3 Rxe3 32. fxe3 f6 33. Kf2 Kf7
34. Rc3 e5 35. b4 Bc6 36. Ke2 Bb5+ 37. Kf2 Rd1 38. h4 Ke6 39. g3 Rb1 40. e4 Rb2+
41. Kg1 Rb1+ 42. Kf2 Rb2+ 43. Kg1 Re2 44. g4 Rxe4 45. Nh2 Rd4 46. Kf2 Rd2+ 47.
Kg3 Rd4 48. Nf3 Rd3 49. Rxd3 Bxd3 50. Kf2 Kd5 51. Ke3 Bb5 52. Nd2 Bc6 53. Nb1
Bd7 54. Nc3+ Kc4 55. Ne4 Bxg4 56. Nd6+ Kb3 57. Nxb7 Kxa3 58. c6 Kxb4 59. c7 a5
60. Nd6 a4 61. Kd2 Kb3 62. Kc1 a3 63. Kb1 Be6 64. Ka1 Bd7 65. c8=Q Bxc8 66. Nxc8
e4 67. Nd6 e3 68. Nf5 g5 69. hxg5 fxg5 70. Nxe3 h5 71. Nf5 h4 0-1

[Event "Women's Speed Chess Q5"]
[Site "chess.com INT"]
[Date "2021.06.04"]
[Round "5"]
[White "Daulyte-Cornette, Deimante"]
[Black "Kashlinskaya, Alina"]
[Result "1/2-1/2"]
[WhiteTitle "IM"]
[BlackTitle "IM"]
[WhiteElo "2394"]
[BlackElo "2494"]
[WhiteFideId "12802859"]
[BlackFideId "4198026"]
[EventDate "2021.06.04"]

1. e4 e6 2. d4 d5 3. Nc3 Nf6 4. Bg5 dxe4 5. Nxe4 Be7 6. Bxf6 gxf6 7. Qd2 b6 8.
O-O-O Bb7 9. Nc3 c6 10. Be2 Nd7 11. Bh5 f5 12. Nf3 h6 13. Qe2 Nf6 14. Ne5 Nxh5
15. Qxh5 Bg5+ 16. Kb1 Qe7 17. Rhe1 Rh7 18. d5 cxd5 19. Nxd5 Bxd5 20. Rxd5 exd5
21. Nd3 Qxe1+ 22. Nxe1 O-O-O 23. Qh3 f6 24. Qxf5+ Rhd7 25. f4 Re8 26. Nd3 Kc7
27. fxg5 fxg5 28. Qf3 Re4 29. a3 a5 30. Qf6 Rd6 31. Qg7+ Kc8 32. Qf8+ Kc7 33.
Ne5 Re6 34. Nf7 a4 35. Qd8+ Kc6 36. Qc8+ Kb5 37. Nd8 Rd6 38. Nb7 Rf6 39. Qd7+
Ka6 40. Qxd5 Re1+ 41. Ka2 Rff1 42. Nc5+ bxc5 43. Qc6+ Ka7 44. Qxc5+ Kb8 45. Qb5+
Kc8 46. Qxa4 Ra1+ 47. Kb3 Rae1 48. Qc6+ Kd8 49. Qxh6 Re3+ 50. c3 Re2 51. Qh5
Rff2 52. Qxg5+ Kd7 53. g4 Rxb2+ 54. Kc4 Rxh2 55. Qd5+ Ke7 56. Qe5+ Kf7 57. Qf5+
Ke7 58. a4 Rbf2 59. Qe5+ Kd7 60. a5 Rhg2 61. Qd5+ Kc7 62. Qc5+ Kd7 63. a6 Rxg4+
64. Kb3 Rgg2 65. Qd5+ Kc7 66. Qb7+ Kd6 67. Qb8+ Kd7 68. Qa7+ Kd6 69. Qd4+ Kc7
70. a7 Rb2+ 71. Kc4 Ra2 72. Qc5+ Kb7 73. Qb5+ Kxa7 74. Qd5 Ra4+ 75. Kb3 Raa2 76.
Qc5+ Ka6 77. Qc6+ Ka7 78. Qc7+ Ka6 79. Qc8+ Ka7 80. Qd7+ Ka6 81. Qe6+ Ka7 82.
Qe7+ Ka6 83. Qe6+ Ka7 84. Qd7+ Ka6 85. Qc8+ Ka7 86. Qc7+ Ka6 87. Qc8+ 1/2-1/2

[Event "Women's Speed Chess Q5"]
[Site "chess.com INT"]
[Date "2021.06.04"]
[Round "5"]
[White "Atalik, Ekaterina"]
[Black "Koridze, Lile"]
[Result "0-1"]
[WhiteTitle "IM"]
[BlackTitle "WFM"]
[WhiteElo "2430"]
[BlackElo "2016"]
[WhiteFideId "4130189"]
[BlackFideId "13612514"]
[EventDate "2021.06.04"]

1. d4 Nf6 2. c4 e6 3. Nf3 d5 4. Nc3 Bb4 5. Bg5 O-O 6. e3 h6 7. Bxf6 Qxf6 8. Qa4
Bxc3+ 9. bxc3 c5 10. cxd5 exd5 11. Be2 Nc6 12. O-O c4 13. Nd2 Qg6 14. Bf3 Be6
15. e4 Ne7 16. Rae1 Qg5 17. Qc2 Rac8 18. Re3 dxe4 19. Bxe4 Nd5 20. Rg3 Qd8 21.
Nf3 Nf4 22. Ne5 b5 23. Qd2 Nh5 24. Qxh6 f5 25. Qxh5 fxe4 26. Qg6 Qe7 27. Qxe4
Rf6 28. f3 Qd6 29. Re1 Bf5 30. Qe3 b4 31. Qg5 Rc7 32. Ng4 Re6 33. Qxf5 Rxe1+ 34.
Kf2 Qe6 35. Nf6+ Kf7 36. Qh5+ Ke7 37. Rxg7+ Kd6 38. Ne4+ Rxe4 39. Rg6 Re3 40.
Kg3 bxc3 41. Qf5 Qxg6+ 42. Qxg6+ Re6 43. Qc2 Rg7+ 44. Kf2 Rge7 45. Qxc3 Re2+ 46.
Kf1 Rxa2 47. Qxc4 Ra1+ 48. Kf2 Rae1 49. Qc5+ Kd7 50. Qxa7+ Ke8 51. Qb8+ Kf7 52.
Qf4+ Ke8 53. h4 R7e2+ 54. Kg3 Rg1 55. h5 Rexg2+ 56. Kh3 Rg5 57. Kh4 R5g2 58.
Qe3+ Kf7 59. Qf4+ Ke8 60. Kh3 Rg5 61. Qe4+ Kf7 62. Kh2 R1g2+ 63. Kh1 Rg1+ 64.
Kh2 R1g2+ 65. Kh3 Rg1 66. Kh4 R5g2 67. Qf5+ Ke8 68. Qh3 Rg8 69. h6 R1g6 70. Qc8+
Kf7 71. Qf5+ Ke8 72. Qf4 Rg1 73. Qe4+ Kf7 74. f4 R1g4+ 75. Kh5 Rg1 76. h7 R8g2
77. Qd5+ Kg7 78. Qd7+ Kh8 79. Qh3 Kxh7 80. d5 Rg6 81. Qd7+ Rg7 82. Qf5+ R7g6 0-1

[Event "Women's Speed Chess Q5"]
[Site "chess.com INT"]
[Date "2021.06.04"]
[Round "5"]
[White "Soumya, Swaminathan"]
[Black "Franco Valencia, Angela"]
[Result "1-0"]
[WhiteTitle "IM"]
[BlackTitle "WIM"]
[WhiteElo "2351"]
[BlackElo "2089"]
[WhiteFideId "5016193"]
[BlackFideId "4403070"]
[EventDate "2021.06.04"]

1. d4 Nf6 2. c4 c5 3. d5 e6 4. Nc3 exd5 5. cxd5 Bd6 6. Nf3 O-O 7. Bg5 Re8 8. e3
h6 9. Bh4 Bf8 10. Bd3 d6 11. Nd2 g5 12. Bg3 Bg4 13. Qb3 Nbd7 14. h3 Bh5 15. Nc4
Ne5 16. Nxe5 dxe5 17. e4 Rb8 18. a4 a6 19. O-O Bg6 20. Bh2 h5 21. Rfe1 h4 22.
Qd1 Nh5 23. b3 Bg7 24. Bf1 Nf4 25. Qd2 Qa5 26. Rad1 b5 27. axb5 axb5 28. Ra1 Qb4
29. Qe3 Bh5 30. Rab1 g4 31. hxg4 Bxg4 32. Bxf4 exf4 33. Qxf4 Qxc3 34. Qxg4 Qf6
35. Re3 Re5 36. Rf3 Qh6 37. Qd7 Qg6 38. Qc6 Qxc6 39. dxc6 Re6 40. c7 Rc8 41.
Bxb5 Rxc7 42. Bc4 Rxe4 43. Rd1 Be5 44. Bd5 Re2 45. Rf5 Re7 46. Bc4 Rb2 47. f4
Bd4+ 48. Kh2 Kg7 49. Rf1 Kg6 50. Rg5+ Kh6 51. Rf3 f6 52. Rf5 Re3 53. Rxe3 Bxe3
54. Rxf6+ Kg7 55. Rf7+ Kg6 56. f5+ Kg5 57. Kh3 Rf2 58. Be6 Bd4 59. Rf8 Rf1 60.
Rg8+ Kf4 61. Rg4+ Ke5 62. Rxh4 Rh1+ 63. Kg4 Rxh4+ 64. Kxh4 Kf6 65. g4 Be3 66.
Kh5 Bd2 67. Bd5 Be3 68. Bc4 Bd2 69. Bd5 Be3 70. Bc4 Bd2 71. Be6 Be3 72. Kh4 Bd2
73. Kg3 Be3 74. Kf3 Bc1 75. Ke4 Bd2 76. Kd5 Be3 77. Ke4 Bc1 78. Kd3 Bg5 79. Kc4
Be3 80. Kd5 Bg1 81. Kc6 Bd4 82. Kd7 Bc3 83. Kd6 Bd4 84. Bd5 Be3 85. Bc4 Bd4 86.
Kd5 Be3 87. Be2 Bf2 88. Bf3 Bg1 89. Bd1 Be3 90. Bc2 Bf2 91. g5+ Kxg5 92. Ke6 Bd4
93. Be4 Bc3 94. Kd5 Bd4 95. b4 Be3 96. bxc5 Kf6 97. Kd6 Bf4+ 98. Kd7 1-0

[Event "Women's Speed Chess Q5"]
[Site "chess.com INT"]
[Date "2021.06.04"]
[Round "6"]
[White "Arpita, Mukherjee"]
[Black "Smietanska, Wiktoria"]
[Result "1-0"]
[WhiteTitle "WIM"]
[BlackTitle "CM"]
[WhiteElo "2206"]
[BlackElo "1802"]
[WhiteFideId "5056403"]
[BlackFideId "21869359"]
[EventDate "2021.06.04"]

1. e4 c5 2. Nf3 d6 3. Bb5+ Nd7 4. d4 cxd4 5. Qxd4 Nf6 6. c4 a6 7. Bxd7+ Bxd7 8.
Nc3 g6 9. Bg5 Bg7 10. Nd5 O-O 11. Bxf6 exf6 12. Qd3 f5 13. O-O fxe4 14. Qxe4 Bf5
15. Ne7+ Kh8 16. Nxf5 gxf5 17. Qxf5 Bxb2 18. Ng5 Bxa1 19. Qxh7# 1-0

[Event "Women's Speed Chess Q5"]
[Site "chess.com INT"]
[Date "2021.06.04"]
[Round "6"]
[White "Nanditha, V"]
[Black "Nguyen, Thi Thanh An"]
[Result "1-0"]
[WhiteTitle "WCM"]
[BlackTitle "WGM"]
[WhiteElo "1666"]
[BlackElo "2259"]
[WhiteFideId "46626697"]
[BlackFideId "12400300"]
[EventDate "2021.06.04"]

1. e4 c5 2. Nf3 d6 3. d4 cxd4 4. Nxd4 Nf6 5. Nc3 a6 6. h3 e6 7. g4 d5 8. e5 Nfd7
9. Qe2 Nc6 10. Nxc6 bxc6 11. Bg2 Be7 12. O-O a5 13. Re1 c5 14. Nxd5 exd5 15.
Bxd5 Ra6 16. Bxf7+ Kxf7 17. e6+ Ke8 18. exd7+ Bxd7 19. Qxa6 1-0

[Event "Women's Speed Chess Q5"]
[Site "chess.com INT"]
[Date "2021.06.04"]
[Round "6"]
[White "February, Jesse Nikki"]
[Black "Torres Hernandez, Leslie Carolin"]
[Result "1-0"]
[WhiteTitle "WIM"]
[BlackTitle "WFM"]
[WhiteElo "1863"]
[BlackElo "1884"]
[WhiteFideId "14312336"]
[BlackFideId "8400504"]
[EventDate "2021.06.04"]

1. e4 e5 2. Nf3 Nc6 3. Bc4 Be7 4. d4 exd4 5. c3 Nf6 6. e5 Ne4 7. cxd4 d5 8. Bb5
O-O 9. O-O Bg4 10. Bxc6 bxc6 11. Nc3 f6 12. h3 Bxf3 13. gxf3 fxe5 14. fxe4 Rf6
15. dxe5 Rg6+ 16. Kh2 d4 17. Ne2 c5 18. Nf4 Rh6 19. Nd5 Bg5 20. Qg4 c6 21. Bxg5 1-0

[Event "Women's Speed Chess Q5"]
[Site "chess.com INT"]
[Date "2021.06.04"]
[Round "6"]
[White "Purtseladze, Maka"]
[Black "Varshini, V"]
[Result "1-0"]
[WhiteTitle "IM"]
[BlackTitle "WGM"]
[WhiteElo "2274"]
[BlackElo "2226"]
[WhiteFideId "13602659"]
[BlackFideId "5091241"]
[EventDate "2021.06.04"]

1. d4 d5 2. Bf4 Nf6 3. e3 e6 4. Bd3 Be7 5. h3 O-O 6. c3 c5 7. Nd2 b6 8. Ngf3 Bb7
9. Ne5 Ne4 10. Nxe4 dxe4 11. Bc4 Nd7 12. Nxd7 Qxd7 13. dxc5 Qxd1+ 14. Rxd1 Bxc5
15. b4 Be7 16. Rd7 Rac8 17. Rxe7 Rxc4 18. Rxb7 Rxc3 19. O-O Ra3 20. Rc1 Rxa2 21.
Rcc7 a5 22. b5 a4 23. Rxb6 a3 24. Ra7 Ra1+ 25. Kh2 a2 26. Be5 1-0

[Event "Women's Speed Chess Q5"]
[Site "chess.com INT"]
[Date "2021.06.04"]
[Round "6"]
[White "Nguyen, Hong Anh"]
[Black "Koridze, Lile"]
[Result "1-0"]
[WhiteTitle "WIM"]
[BlackTitle "WFM"]
[WhiteElo "1993"]
[BlackElo "2016"]
[WhiteFideId "12406732"]
[BlackFideId "13612514"]
[EventDate "2021.06.04"]

1. d4 Nf6 2. c4 e6 3. Nf3 d5 4. g3 Bb4+ 5. Bd2 Be7 6. Bg2 O-O 7. O-O c6 8. Qc2
b6 9. Bf4 Bb7 10. Nbd2 Nbd7 11. e4 dxe4 12. Nxe4 c5 13. Nxf6+ Nxf6 14. dxc5 Bxc5
15. Rad1 Qe7 16. Rfe1 Rfd8 17. Ne5 Bxg2 18. Kxg2 Qb7+ 19. f3 h6 20. Nd3 Bd4 21.
Be5 Ng4 22. Bxd4 Rxd4 23. Nf4 Rad8 24. Rxd4 Rxd4 25. Nd5 Nf6 26. Qc3 Rxd5 27.
cxd5 Qxd5 28. Qc8+ Kh7 29. Qc2+ g6 30. b3 Ng4 31. Qe4 1-0

[Event "Women's Speed Chess Q5"]
[Site "chess.com INT"]
[Date "2021.06.04"]
[Round "6"]
[White "Cori T., Deysi"]
[Black "Bodnaruk, Anastasia"]
[Result "1-0"]
[WhiteTitle "WGM"]
[BlackTitle "IM"]
[WhiteElo "2388"]
[BlackElo "2446"]
[WhiteFideId "3801934"]
[BlackFideId "4181751"]
[EventDate "2021.06.04"]

1. d4 Nf6 2. Nf3 g6 3. g3 Bg7 4. Bg2 O-O 5. O-O d6 6. b3 Nbd7 7. Bb2 c6 8. Nbd2
Re8 9. a4 d5 10. Re1 Nf8 11. Ne5 Ng4 12. e4 Nxe5 13. dxe5 d4 14. Nf3 c5 15. c3
dxc3 16. Bxc3 Bg4 17. Qc2 Bxf3 18. Bxf3 Qc7 19. Qb2 Nd7 20. e6 Ne5 21. exf7+
Kxf7 22. Be2 Bh8 23. f4 Nc6 24. e5 e6 25. Rad1 Ne7 26. Bc4 Red8 27. Rd6 Rxd6 28.
exd6 Bxc3 29. Bxe6+ Ke8 30. Qxc3 Qxd6 31. Qh8+ 1-0

[Event "Women's Speed Chess Q5"]
[Site "chess.com INT"]
[Date "2021.06.04"]
[Round "6"]
[White "Campos, Maria Jose"]
[Black "Starosta, Martyna"]
[Result "0-1"]
[WhiteTitle "WFM"]
[BlackTitle "WCM"]
[WhiteElo "2133"]
[BlackElo "1910"]
[WhiteFideId "146803"]
[BlackFideId "21818754"]
[EventDate "2021.06.04"]

1. c4 e5 2. g3 Nf6 3. Bg2 d5 4. cxd5 Nxd5 5. Nc3 Nb6 6. Nf3 Nc6 7. a3 Be7 8. b4
a6 9. O-O O-O 10. Ne1 Be6 11. d3 Kh8 12. Rb1 f5 13. Nc2 Nd5 14. Bb2 f4 15. Ne4
Bg4 16. Rc1 Qd7 17. d4 Rad8 18. dxe5 Qf5 19. f3 Bh3 20. g4 Bxg4 21. fxg4 Qxg4
22. Qe1 Bh4 23. Nf2 Qg6 24. Kh1 Ne3 25. Rg1 Nxc2 26. Be4 Nxe1 27. Rxg6 hxg6 28.
Ng4 f3 29. exf3 Nxf3 30. Bxg6 Rf4 31. h3 Rd2 32. Bc3 Rxg4 0-1

[Event "Women's Speed Chess Q5"]
[Site "chess.com INT"]
[Date "2021.06.04"]
[Round "6"]
[White "Doluhanova, Evgeniya"]
[Black "Daulyte-Cornette, Deimante"]
[Result "1/2-1/2"]
[WhiteTitle "WGM"]
[BlackTitle "IM"]
[WhiteElo "2192"]
[BlackElo "2394"]
[WhiteFideId "14112035"]
[BlackFideId "12802859"]
[EventDate "2021.06.04"]

1. Nf3 Nf6 2. b3 g6 3. Bb2 Bg7 4. g3 d6 5. Bg2 e5 6. O-O O-O 7. d3 Nc6 8. Nbd2
Bf5 9. h3 Qd7 10. Kh2 Rae8 11. e4 Be6 12. Ng5 h6 13. Nxe6 Qxe6 14. Qe2 Nh7 15.
c4 Nd4 16. Bxd4 exd4 17. f4 c6 18. Rae1 f5 19. Qf2 Nf6 20. exf5 Qxf5 21. Ne4
Nxe4 22. Rxe4 Rxe4 23. Bxe4 Qf6 24. Re1 Re8 25. Bd5+ Kf8 26. Rxe8+ Kxe8 27. Qe2+
Qe7 28. Be4 Kf8 29. Qg4 g5 30. Qf5+ Kg8 31. Qc8+ Qf8 32. Qe6+ Kh8 33. Qg6 Kg8
34. fxg5 Qf2+ 35. Bg2 hxg5 36. Qxg5 Qxa2 37. Qd8+ Bf8 38. Qg5+ Bg7 39. Qd8+ Bf8
40. Qg5+ Bg7 1/2-1/2

[Event "Women's Speed Chess Q5"]
[Site "chess.com INT"]
[Date "2021.06.04"]
[Round "6"]
[White "Obregon Garcia, Roxangel"]
[Black "Agrest, Inna"]
[Result "0-1"]
[WhiteTitle "WIM"]
[BlackTitle "WIM"]
[WhiteElo "2167"]
[BlackElo "2285"]
[WhiteFideId "3520420"]
[BlackFideId "1708830"]
[EventDate "2021.06.04"]

1. d4 Nf6 2. Bf4 g6 3. e3 Bg7 4. Nc3 d5 5. h4 h5 6. Be2 O-O 7. Nh3 c5 8. Qd2 Nc6
9. O-O-O Bf5 10. f3 Nb4 11. a3 Nxc2 12. e4 dxe4 13. Qxc2 exf3 14. Bd3 fxg2 15.
Rh2 Bg4 16. Rg1 cxd4 17. Nb5 Nd5 18. Kb1 Bxh3 19. Rxh3 Nxf4 20. Rg3 Rc8 21. Qb3
Nxd3 22. Rxd3 Qb6 23. a4 a6 24. Na3 Qc6 25. Rd2 Qe4+ 26. Ka2 b5 27. axb5 axb5
28. Rdxg2 e6 29. Rg5 b4 30. Qxb4 Rb8 31. Rb5 Rxb5 32. Qxb5 d3 33. Rd1 Rd8 34.
Qg5 Rb8 35. Rd2 Qb4 36. Qe3 Qb3+ 37. Kb1 Qxa3 0-1

[Event "Women's Speed Chess Q5"]
[Site "chess.com INT"]
[Date "2021.06.04"]
[Round "6"]
[White "Obolentseva, Alexandra"]
[Black "Farhat Willemstein, Stela Souza"]
[Result "0-1"]
[WhiteTitle "WGM"]
[BlackTitle "WFM"]
[WhiteElo "2297"]
[BlackElo "1758"]
[WhiteFideId "24153648"]
[BlackFideId "2109808"]
[EventDate "2021.06.04"]

1. d4 d5 2. c4 e6 3. Nc3 Be7 4. Nf3 Nf6 5. cxd5 exd5 6. Qc2 c6 7. Bg5 g6 8. e3
Bf5 9. Bd3 Bxd3 10. Qxd3 Nbd7 11. O-O O-O 12. a3 a5 13. Rfe1 Ne4 14. Bxe7 Qxe7
15. Nd2 f5 16. f3 Nxd2 17. Qxd2 Nb6 18. e4 fxe4 19. fxe4 Nc4 20. Qh6 Qf6 21.
exd5 Rae8 22. Qc1 Rxe1+ 23. Qxe1 Qxd4+ 24. Kh1 Nxb2 25. dxc6 Nd3 26. Qe6+ Kh8
27. h3 Qxc3 28. Rd1 Nf2+ 29. Kh2 Nxd1 30. Qe7 Kg8 31. cxb7 Qb3 32. h4 Ne3 0-1

[Event "Women's Speed Chess Q5"]
[Site "chess.com INT"]
[Date "2021.06.04"]
[Round "6"]
[White "Khalafova, Narmin"]
[Black "Vo, Thi Kim Phung"]
[Result "1-0"]
[WhiteTitle "WGM"]
[BlackTitle "WGM"]
[WhiteElo "2279"]
[BlackElo "2335"]
[WhiteFideId "13402625"]
[BlackFideId "12401838"]
[EventDate "2021.06.04"]

1. e4 e6 2. d4 d5 3. Nd2 Nf6 4. e5 Nfd7 5. Bd3 c5 6. c3 b6 7. a4 Ba6 8. Bb5 Be7
9. Ngf3 O-O 10. O-O Bxb5 11. axb5 Qc8 12. c4 Qb7 13. Qe2 a6 14. h4 dxc4 15. bxa6
Rxa6 16. Rxa6 Qxa6 17. Nxc4 cxd4 18. b3 Nc5 19. Nxd4 Rd8 20. Qg4 Nd3 21. Bh6 Bf8
22. h5 Kh8 23. Bg5 Rd7 24. h6 g6 25. Nxe6 Qc8 26. Nxf8 Qxf8 27. e6 fxe6 28. Qxe6
Nc5 29. Bf6+ Qxf6 30. Qe8+ 1-0

[Event "Women's Speed Chess Q5"]
[Site "chess.com INT"]
[Date "2021.06.04"]
[Round "6"]
[White "Linares Napoles, Oleiny"]
[Black "Zaksaite, Salomeja"]
[Result "1-0"]
[WhiteTitle "WGM"]
[BlackTitle "WIM"]
[WhiteElo "2255"]
[BlackElo "2202"]
[WhiteFideId "3504794"]
[BlackFideId "12801496"]
[EventDate "2021.06.04"]

1. d4 Nf6 2. Bf4 g6 3. Nc3 d5 4. e3 Bg7 5. Be2 O-O 6. h4 h6 7. Nf3 c6 8. Qd2 Ne4
9. Nxe4 dxe4 10. Ne5 Nd7 11. Ng4 Kh7 12. O-O-O a5 13. f3 exf3 14. gxf3 a4 15. a3
Qa5 16. Bd3 Qxd2+ 17. Rxd2 Nf6 18. Nxf6+ Bxf6 19. h5 Bg7 20. Rdh2 Bf5 21. hxg6+
fxg6 22. Bxh6 Bxd3 23. Bxg7+ Kxg7 24. Rh7+ Kf6 25. cxd3 Ra5 26. f4 c5 27. d5 c4
28. e4 cxd3 29. Kd2 Rb5 30. Rg1 Rxb2+ 31. Ke3 Re2+ 32. Kxd3 Ra2 33. e5+ Kf5 34.
Rh4 Rxa3+ 35. Kd4 1-0

[Event "Women's Speed Chess Q5"]
[Site "chess.com INT"]
[Date "2021.06.04"]
[Round "6"]
[White "Frayna, Janelle Mae"]
[Black "Berend, Elvira"]
[Result "1/2-1/2"]
[WhiteTitle "WGM"]
[BlackTitle "WGM"]
[WhiteElo "2179"]
[BlackElo "2326"]
[WhiteFideId "5212499"]
[BlackFideId "4000510"]
[EventDate "2021.06.04"]

1. e4 c5 2. Nf3 e6 3. g3 Nc6 4. Bg2 d6 5. O-O Nf6 6. Re1 Be7 7. c3 d5 8. e5 Nd7
9. d4 Qb6 10. a3 a5 11. a4 h6 12. Na3 Na7 13. h4 cxd4 14. cxd4 Bb4 15. Re3 Nb8
16. Nc2 Be7 17. Rd3 Nbc6 18. g4 Bd7 19. Bd2 Nb4 20. Bxb4 Bxb4 21. Rb3 Nc6 22. g5
hxg5 23. hxg5 g6 24. Nxb4 axb4 25. Re3 Ne7 26. b3 Nf5 27. Rd3 Rc8 28. Rc1 Ke7
29. Rxc8 Rxc8 30. Bh3 Rc3 31. Bxf5 gxf5 32. Kg2 Qc6 33. Ne1 Qc8 34. Rxc3 Qxc3
35. f4 Qb2+ 36. Kg3 b6 37. Nf3 Qc3 38. Kf2 Qb2+ 39. Ke3 Qc3+ 40. Qd3 Qc1+ 41.
Qd2 Qa3 42. Qd3 Qc1+ 43. Qd2 Qa3 44. Qd3 Qc1+ 1/2-1/2

[Event "Women's Speed Chess Q5"]
[Site "chess.com INT"]
[Date "2021.06.04"]
[Round "6"]
[White "Zawadzka, Jolanta"]
[Black "Sedina, Elena"]
[Result "1-0"]
[WhiteTitle "WGM"]
[BlackTitle "IM"]
[WhiteElo "2403"]
[BlackElo "2294"]
[WhiteFideId "1122320"]
[BlackFideId "812153"]
[EventDate "2021.06.04"]

1. e4 e6 2. b3 d5 3. Bb2 dxe4 4. Qe2 Nf6 5. Nc3 Bb4 6. O-O-O Qe7 7. Nxe4 Ba3 8.
Nxf6+ Qxf6 9. d4 Bxb2+ 10. Kxb2 Nc6 11. Nf3 O-O 12. Qe4 a5 13. Bd3 g6 14. h4 Rd8
15. c3 a4 16. h5 axb3 17. axb3 Qe7 18. Ra1 Rxa1 19. Rxa1 Bd7 20. g4 Qf8 21. g5
Ne7 22. Ne5 Bc6 23. Qh4 Nd5 24. Rh1 Qg7 25. hxg6 fxg6 26. Ng4 Rf8 27. Be4 Kh8
28. Bxd5 Bxd5 29. Rh2 Rf4 30. Qg3 Rf5 31. Nf6 h5 32. Qe3 Qe7 33. f4 Qd6 34. Rf2
b6 35. c4 Bb7 36. Kc3 c5 37. d5 e5 38. Re2 Rxf4 39. Qxe5 Qxe5+ 40. Rxe5 Rf3+ 41.
Kd2 h4 42. Re7 Rxf6 43. gxf6 h3 44. Re3 Bc8 45. Re8+ Kh7 46. f7 h2 47. f8=Q 1-0

[Event "Women's Speed Chess Q5"]
[Site "chess.com INT"]
[Date "2021.06.04"]
[Round "6"]
[White "Arakhamia-Grant, Ketevan"]
[Black "Kanyamarala, Trisha"]
[Result "1-0"]
[WhiteTitle "GM"]
[BlackTitle "WIM"]
[WhiteElo "2380"]
[BlackElo "2180"]
[WhiteFideId "13600168"]
[BlackFideId "45004722"]
[EventDate "2021.06.04"]

1. e4 c5 2. Nf3 d6 3. Bb5+ Nd7 4. O-O Nf6 5. Re1 a6 6. Bf1 g6 7. c3 Bg7 8. d4
O-O 9. a4 b6 10. Nbd2 Bb7 11. e5 dxe5 12. dxe5 Ng4 13. e6 Nde5 14. Nxe5 Nxe5 15.
Nc4 Qxd1 16. Rxd1 Rfd8 17. Bf4 Nxc4 18. Bxc4 fxe6 19. Bxe6+ Kh8 20. Bc7 Re8 21.
Bxb6 Bc8 22. Bd5 Rb8 23. a5 Bf5 24. Bc4 Ra8 25. f3 e5 26. Re1 e4 27. Bd5 Rab8
28. fxe4 Bg4 29. h3 Bd7 30. Rad1 Be5 31. Rd2 Bb5 32. Bxc5 Ba4 33. Bb6 Bb5 34.
Rf2 Rbc8 35. Rf7 Rf8 36. Rxf8+ Rxf8 37. Bd4 Bxd4+ 38. cxd4 Rd8 39. Rc1 Kg7 40.
Rc7+ Kh6 41. Kf2 Kg5 42. Ke3 h5 43. Rg7 1-0

[Event "Women's Speed Chess Q5"]
[Site "chess.com INT"]
[Date "2021.06.04"]
[Round "6"]
[White "Padmini, Rout"]
[Black "Papp, Petra"]
[Result "1-0"]
[WhiteTitle "IM"]
[BlackTitle "WGM"]
[WhiteElo "2370"]
[BlackElo "2336"]
[WhiteFideId "5029295"]
[BlackFideId "739049"]
[EventDate "2021.06.04"]

1. e4 c6 2. Nc3 d5 3. Nf3 dxe4 4. Nxe4 Nf6 5. Nxf6+ exf6 6. d4 Bd6 7. Bd3 O-O 8.
O-O Bg4 9. h3 Bh5 10. c3 Re8 11. Be3 Na6 12. g4 Bg6 13. Nh4 Nc7 14. Nf5 Nd5 15.
Qf3 Bc7 16. Bd2 Bxf5 17. Qxf5 g6 18. Qf3 Qd6 19. Rfe1 Kg7 20. a4 a5 21. Bc4 b6
22. Kf1 Rh8 23. Re2 g5 24. h4 h6 25. h5 Rad8 26. Rae1 Qh2 27. Re7 Nxe7 28. Rxe7
Rhf8 29. Qf5 Bf4 30. Qg6+ Kh8 31. Qxh6+ Kg8 32. Qg6+ Kh8 33. Qxf6+ Kg8 34. Bxf7+ 1-0

[Event "Women's Speed Chess Q5"]
[Site "chess.com INT"]
[Date "2021.06.04"]
[Round "6"]
[White "Kashlinskaya, Alina"]
[Black "Pourkashiyan, Atousa"]
[Result "1-0"]
[WhiteTitle "IM"]
[BlackTitle "WGM"]
[WhiteElo "2494"]
[BlackElo "2322"]
[WhiteFideId "4198026"]
[BlackFideId "12502014"]
[EventDate "2021.06.04"]

1. d4 Nf6 2. c4 e6 3. Nc3 Bb4 4. e3 O-O 5. Bd3 d5 6. Nf3 c5 7. O-O dxc4 8. Bxc4
Nbd7 9. a3 Bxc3 10. bxc3 Qc7 11. Ba2 e5 12. Bb2 b6 13. c4 exd4 14. exd4 cxd4 15.
Nxd4 Bb7 16. Nf5 Kh8 17. Qc1 Be4 18. Nxg7 Kxg7 19. Qg5+ Bg6 20. Rad1 Kg8 21.
Bxf6 Nxf6 22. Qxf6 Rad8 23. h4 h5 24. c5 Kh7 25. c6 Rfe8 26. f4 Rxd1 27. Rxd1
Qe7 28. Qxe7 Rxe7 29. Rd7 Re1+ 30. Kf2 Rc1 31. c7 Kh6 32. Bxf7 Bf5 33. Re7 b5
34. Bd5 a5 35. Bf3 b4 36. axb4 axb4 37. Re5 Bc8 38. Rxh5+ Kg7 39. Rb5 Rc4 40.
Kg3 Be6 41. h5 Rd4 42. Rb6 Bf5 43. Bg4 Bxg4 44. Kxg4 Rc4 45. Rxb4 Rxc7 46. Kg5
Rc2 47. g4 1-0